000 00386 a2200169 4500
001 69180
020 _a8570567464
040 _cAnchieta - Itaigara
100 _aAndrade, Telma Guimarães Castro
240 1 0 _aSurpresa de páscoa
_lpor
245 1 0 _aSurpresa de páscoa
300 _a15
362 0 _a1995
440 1 _aAtual
650 4 _aLiteratura infanto-juvenil
942 _cBK
999 _c69180
_d69180